000 01251nam0a22002531 4500
001 rc\492033
005 20260406192729.0
035 _a(NLR Aleph) 005733903
090 _a7607864
_c7607864
100 _a20030616d1987 |||y0rusy50 ca
101 0 _arus
102 _aRU
105 _ay |||||||||
200 1 _aМЕТОДИЧЕСКИЕ указания к проведению лекций и практических занятий по теме "Система международных расчетных и кредитных отношений СССР" курса "Денежное обращение и кредит СССР"
_fМ-во высш. и сред. спец. образования УССР, Терноп. фин.-экон. ин-т
_g[Сост. С.И. Юрий, к. э. н.]
210 _aТернополь
_cТФЭИ
_d1987 (вып. дан. 1988)
215 _a66 с.
_d20
320 _aБиблиогр.: с. 64-66
702 1 _aЮрий
_bС.И.
_gСергей Ильич
_4220
712 0 2 _aТернопольский финансово-экономический институт
_9406685
_3RU\NLR\AUTH\889955306
801 0 _aRU
_bNLR
_gpsbo
801 1 _aRU
_bELAR
_2rusmarc
852 _aNLR
_j88-4/26766
942 _cBOOK
980 _aNB